Western journal of communication

Bibliographic Details
Previous Title:Western journal of speech communication
Corporate Author: Western States Communication Association
Format: Electronic Journal
Language:English
Published: Salt Lake City, UT : Western States Communication Association, 1992-
Philadelphia, PA : Taylor & Francis
Subjects:
Online Access:Full text available from Research Library: 01/01/1994 to 10/31/2005

MARC

LEADER 00000nas a2200000 a 4500
001 ssj0002304
003 WaSeSS
005 20200512172242.0
006 m d
007 cr n
008 050614c19929999pauqx pss 0 0eng c
010 |a  2012219024  |z  2005238789 
015 |a GBB637667  |2 bnb 
016 7 |a 101233055  |2 DNLM 
016 7 |a 011777311  |2 Uk 
016 7 |a 013365082  |2 Uk 
022 |a 1745-1027  |l 1057-0314  |y 1057-0314 
030 |a WJSCDW 
035 |a (WaSeSS)ssj0002304 
037 |b Dept. of Communication, Univ. of Utah, Salt Lake City, UT 84112 
040 |a OCLCS  |b eng  |e pn  |c OCLCS  |d OCL  |d OCLCQ  |d OCLCE  |d UV$  |d TXJ  |d QE2  |d MUX  |d CNTRU  |d AU@  |d OCL  |d GUA  |d AUD  |d UKMGB  |d OCLCQ  |d DLC  |d OCLCQ  |d OCLCF  |d OCLCO  |d DLC  |d OCLCQ  |d OCLCO  |d CUD  |d CHVBK  |d OCLCO  |d OCLCQ  |d VT2  |d ZAC  |d BUF  |d U3W  |d DLC  |d OCLCO  |d OCLCA  |d WaSeSS 
042 |a dlr  |a pcc 
050 0 0 |a PN4071 
060 4 |a W1  |b WE623L 
082 0 4 |a 001.54/2/05 
130 0 |a Western journal of communication (Online) 
245 1 0 |a Western journal of communication  |h [electronic resource]. 
260 |3 1992-2004 :  |a Salt Lake City, UT :  |b Western States Communication Association,  |c 1992- 
260 3 |3 2005 :  |a Philadelphia, PA :  |b Taylor & Francis 
310 |a Five issues a year,  |b 2010- 
321 |a Frequency varies,  |b 1992-2009 
362 1 |a Began with Vol. 56, issue 1 (1992). 
506 |a License restrictions may limit access. 
538 |a Master and use copy. Digital master created according to Benchmark for Faithful Digital Reproductions of Monographs and Serials, Version 1. Digital Library Federation, December 2002.  |u http://purl.oclc.org/DLF/benchrepro0212  |5 MiAaHDL 
583 1 |a digitized  |c 2010  |h HathiTrust Digital Library  |l committed to preserve  |5 MiAaHDL  |2 pda 
588 |a Description based on: Vol. 56, issue 1 (1992); title from contents screen (Taylor & Francis Online, viewed Oct. 23, 2011). 
588 |a Latest issue consulted: Vol. 82, issue 5 (2018) (viewed Sept. 26, 2018). 
650 0 |a Oral communication  |v Periodicals. 
650 7 |a Oral communication.  |2 fast  |0 (OCoLC)fst01047000 
650 1 2 |a Communication. 
650 1 2 |a Communication  |v Periodicals. 
655 0 |a Electronic journals. 
710 2 |a Western States Communication Association. 
776 0 8 |i Print version:  |t Western journal of communication  |x 1057-0314  |w (DLC) 93656175  |w (OCoLC)23915926 
780 0 0 |t Western journal of speech communication  |x 2380-6931  |w (DLC) 2015202613  |w (OCoLC)562139739 
850 |a DLC 
856 4 0 |z Full text available from Research Library: 01/01/1994 to 10/31/2005  |u https://search.proquest.com/publication/47214